Normal view
MARC view
- Film adaptations.
Entry Genre/Form Term
001 - CONTROL NUMBER
- control field: 13595
003 - CONTROL NUMBER IDENTIFIER
- control field: NUST
005 - DATE AND TIME OF LATEST TRANSACTION
- control field: 20190131093947.0
008 - FIXED-LENGTH DATA ELEMENTS
- fixed length control field: 190131|| aca||aabn | a|a d
040 ## - CATALOGING SOURCE
- Original cataloging agency: NUST
- Transcribing agency: NUST
155 ## - HEADING--GENRE/FORM TERM
- Genre/form term: Film adaptations.
670 ## - SOURCE DATA FOUND
- Source citation: Work cat.: (NUST)0: Love story /, 1970 ;
